Statistics for "A Song of Ice and Fire" Great Houses Quiz

Click here to take the quiz!

General Stats

  • This quiz has been taken 1,370 times
  • The average score is 18 of 20

Answer Stats

HintAnswer% Correct
Winterfell/The NorthHouse Stark
100%
Casterly Rock/The WesterlandsHouse Lannister
98%
Riverrun/The RiverlandsHouse Tully
97%
Lord of WinterfellLord Eddard Stark
96%
Dragonstone | King's Landing/The Crownlands | Storm's End/The StormlandsHouse Baratheon
96%
Lord of Casterly RockLord Tywin Lannister
95%
The Eyrie/The ValeHouse Arryn
95%
Pyke/The Iron IslandsHouse Greyjoy
95%
King of WesterosKing Robert Baratheon
93%
Highgarden/The ReachHouse Tyrell
91%
Sunspear/DorneHouse Martell
91%
Lord of DragonstonePrince Stannis Baratheon
91%
Lord of the EyrieLord Jon Arryn or Lord Robert Arryn
90%
Lord of PykeLord Balon Greyjoy
85%
Lord of Storm's EndPrince Renly Baratheon
85%
Lord of HighgardenLord Mace Tyrell
77%
Lord of RiverrunLord Hoster Tully
77%
Prince of DornePrince Doran Martell
71%

Score Distribution

Percentile by Number Answered

Percent of People with Each Score

Your Score History

You have not taken this quiz